[Event "9. Open International Championship of V"]
[Site "Novi Sad - Ribarac 4"]
[Date "2018.07.24"]
[Round "5.5"]
[White "Tosic, Miroslav"]
[Black "Pastar, Slaven"]
[Result "0-1"]
[WhiteElo "2388"]
[BlackElo "2262"]
[PlyCount "98"]
[EventDate "2018.07.22"]

1. c4 e5 2. Nc3 Nc6 3. g3 g6 4. Bg2 Bg7 5. d3 f5 6. h4 Nf6 7. Bg5 h6 8. Bxf6
Bxf6 9. e3 d6 10. Nd5 Bg7 11. Ne2 Ne7 12. d4 c6 13. Ndc3 Be6 14. d5 cxd5 15.
cxd5 Bf7 16. h5 g5 17. g4 f4 18. Qa4+ Qd7 19. Qxd7+ Kxd7 20. a4 Rhc8 21. e4 Bf6
22. Nc1 Ng8 23. Bf1 Bd8 24. a5 a6 25. Nb3 Nf6 26. f3 Ke7 27. Rh2 Be8 28. Kd1
Bc7 29. Rc2 Bb8 30. Nd2 Ba7 31. b4 Bd4 32. Ra3 Rc7 33. Ncb1 Rxc2 34. Kxc2 Rc8+
35. Bc4 Bd7 36. Kd3 Nxg4 37. fxg4 Bxg4 38. Rb3 Bd1 39. b5 Bxb3 40. Nxb3 axb5
41. Bxb5 Ba7 42. a6 bxa6 43. Bxa6 Rc7 44. Na3 g4 45. Nb5 g3 46. Nd2 g2 47. Nf3
Rc1 48. Nxa7 Rf1 49. Nc6+ Kf6 0-1

[Event "9. Open International Championship of V"]
[Site "Novi Sad - Ribarac 4"]
[Date "2018.07.24"]
[Round "5.6"]
[White "Banovic, Ivan"]
[Black "Nomin-Erdene, Davaademberel"]
[Result "0-1"]
[WhiteElo "2224"]
[BlackElo "2371"]
[PlyCount "78"]
[EventDate "2018.07.22"]

1. d4 f5 2. g3 Nf6 3. Bg2 g6 4. Nf3 Bg7 5. O-O O-O 6. c4 d6 7. Nc3 c6 8. Qc2
Na6 9. a3 Qe8 10. d5 Nc5 11. Rd1 Bd7 12. Be3 Nce4 13. Nxe4 Nxe4 14. Bd4 Nf6 15.
Bc3 Rc8 16. Nd4 Ng4 17. Qd2 Qf7 18. e3 Nf6 19. Ne2 Ne4 20. Qe1 Nxc3 21. Nxc3 g5
22. f4 h6 23. Rac1 Rce8 24. Qd2 e5 25. dxc6 Bxc6 26. Bxc6 bxc6 27. Qxd6 exf4
28. exf4 Qxc4 29. Qd3 Qc5+ 30. Kg2 gxf4 31. gxf4 Re6 32. Re1 Rg6+ 33. Kh1 Qf2
34. Rg1 Rff6 35. Na4 Rd6 36. Qf1 Rxg1+ 37. Qxg1 Qxf4 38. Nc3 Rd2 39. Rf1 Rxh2+
0-1

[Event "9. Open International Championship of V"]
[Site "Novi Sad - Ribarac 4"]
[Date "2018.07.24"]
[Round "5.7"]
[White "Raja, Rithvik R"]
[Black "Pratyusha, Bodda"]
[Result "1/2-1/2"]
[WhiteElo "2343"]
[BlackElo "2244"]
[PlyCount "47"]
[EventDate "2018.07.22"]

1. d4 d5 2. c4 e6 3. Nf3 Nf6 4. g3 Be7 5. Bg2 O-O 6. O-O c6 7. Qc2 b6 8. Bf4
Nh5 9. Bc1 Nf6 10. Rd1 Bb7 11. Nc3 Na6 12. a3 Rc8 13. Ne5 c5 14. dxc5 Nxc5 15.
cxd5 exd5 16. Qf5 Ne6 17. Ng4 Rc5 18. Nxf6+ Bxf6 19. Nxd5 Bxd5 20. Rxd5 Rxd5
21. Qxd5 Nd4 22. e3 Ne2+ 23. Kf1 Nxc1 24. Rxc1 1/2-1/2

[Event "9. Open International Championship of V"]
[Site "Novi Sad - Ribarac 4"]
[Date "2018.07.24"]
[Round "5.8"]
[White "Mitev, Valentin"]
[Black "Milosevic, Milos"]
[Result "1-0"]
[WhiteElo "2242"]
[BlackElo "2315"]
[PlyCount "85"]
[EventDate "2018.07.22"]

1. d4 c5 2. d5 Nf6 3. c4 b5 4. cxb5 a6 5. bxa6 g6 6. Nc3 Bg7 7. Nf3 O-O 8. e4
Qa5 9. a7 Rxa7 10. Bd2 Qb6 11. a4 d6 12. Be2 Ba6 13. O-O Bxe2 14. Qxe2 Nbd7 15.
Nb5 Rb7 16. Bc3 Qa6 17. Nd2 Nb6 18. b3 Rfb8 19. f4 Ne8 20. Bxg7 Kxg7 21. f5 Qa5
22. Qf2 f6 23. fxg6 hxg6 24. h4 Nd7 25. h5 Qb4 26. Nc4 Nc7 27. Qg3 g5 28. h6+
Kh8 29. Nxc7 Rxc7 30. Rab1 Nb6 31. Qd3 Rcb7 32. Ne3 Qd4 33. Qxd4 cxd4 34. Nf5
Nxa4 35. Nxd4 Nc5 36. Nc6 Ra8 37. b4 Nxe4 38. Rbe1 Nc3 39. Nxe7 Rxb4 40. Rxf6
Rb2 41. Rf7 Raa2 42. Ng6+ Kg8 43. Rg7# 1-0

[Event "9. Open International Championship of V"]
[Site "Novi Sad - Ribarac 4"]
[Date "2018.07.24"]
[Round "5.9"]
[White "Hirneise, Jens"]
[Black "Tomerlin, Sinisa"]
[Result "1-0"]
[WhiteElo "2379"]
[BlackElo "2163"]
[PlyCount "75"]
[EventDate "2018.07.22"]

1. e4 c5 2. Nf3 d6 3. d4 cxd4 4. Nxd4 Nf6 5. Nc3 a6 6. Be3 e5 7. Nb3 Be7 8. h3
Nbd7 9. g4 h6 10. a4 b6 11. Bg2 Bb7 12. h4 Nf8 13. Qe2 Ne6 14. O-O-O Nd7 15.
Kb1 Rc8 16. Nd5 Ndc5 17. Nxc5 bxc5 18. g5 Rb8 19. c3 Qa5 20. g6 fxg6 21. Qg4
Nf8 22. f4 Bxd5 23. Rxd5 Qxc3 24. Bc1 h5 25. Qd1 exf4 26. e5 Nd7 27. Rh3 Qb4
28. Rxd6 Nxe5 29. Qd5 Qd4 30. Qxd4 cxd4 31. Re6 Nc4 32. Bc6+ Kf8 33. Rf3 g5 34.
hxg5 Bxg5 35. Bxf4 Bxf4 36. Rxf4+ Kg8 37. Bd5 Rb4 38. Rh6# 1-0

[Event "9. Open International Championship of V"]
[Site "Novi Sad - Ribarac 4"]
[Date "2018.07.24"]
[Round "5.10"]
[White "Copic, Branko"]
[Black "Danchevski, Orce"]
[Result "0-1"]
[WhiteElo "2167"]
[BlackElo "2353"]
[PlyCount "102"]
[EventDate "2018.07.22"]

1. Nf3 c5 2. c4 Nc6 3. d4 cxd4 4. Nxd4 g6 5. Nc3 Bg7 6. e3 Nf6 7. Be2 O-O 8.
O-O d6 9. a3 Bd7 10. b3 a6 11. Bb2 Rb8 12. Rc1 Nxd4 13. Qxd4 Bc6 14. Qd2 Qb6
15. b4 a5 16. b5 Bd7 17. Na4 Qd8 18. Bxf6 Bxf6 19. c5 dxc5 20. Nxc5 Bf5 21. Qa2
Qd6 22. e4 Bc8 23. Bc4 Kg7 24. Nd3 Bd4 25. Kh1 e5 26. f4 exf4 27. Nxf4 Bg4 28.
Qb3 Rbd8 29. Bd5 Be5 30. Qg3 Bc8 31. Rf3 f5 32. Qg5 fxe4 33. Nh5+ Kh8 34. Rxf8+
Rxf8 35. Bxe4 gxh5 36. Qxh5 Qe7 37. Bxh7 Bg4 38. Qxg4 Qxh7 39. h3 Qf5 40. Qh4+
Kg7 41. Qc4 Qf4 42. Qxf4 Rxf4 43. Rd1 Kf6 44. Kg1 b6 45. Rd3 a4 46. g3 Bd4+ 47.
Kh1 Rf1+ 48. Kg2 Rf2+ 49. Kh1 Bc5 50. g4 Ra2 51. Rf3+ Kg6 0-1

[Event "9. Open International Championship of V"]
[Site "Novi Sad - Ribarac 4"]
[Date "2018.07.24"]
[Round "5.11"]
[White "Jovanovic, Milenko"]
[Black "Budisavljevic, Luka"]
[Result "0-1"]
[WhiteElo "2198"]
[BlackElo "2324"]
[PlyCount "108"]
[EventDate "2018.07.22"]

1. d4 Nf6 2. c4 a6 3. Nc3 c5 4. d5 b5 5. cxb5 axb5 6. Nxb5 Qa5+ 7. Nc3 Bb7 8.
Bd2 Qb6 9. e4 e6 10. dxe6 fxe6 11. e5 Ne4 12. Nxe4 Bxe4 13. Bc3 Nc6 14. f3 Bg6
15. Bc4 Nxe5 16. Bxe5 Qb4+ 17. Qd2 Qxc4 18. b3 Qb5 19. Bc3 d5 20. Qe2 Qxe2+ 21.
Nxe2 d4 22. Bd2 e5 23. O-O Kd7 24. Ng3 Kc6 25. f4 exf4 26. Bxf4 Bd6 27. Bxd6
Kxd6 28. Nf5+ Bxf5 29. Rxf5 Rhf8 30. Rg5 g6 31. h4 Rfb8 32. Rc1 Rb5 33. Rc2 Re8
34. b4 Rxb4 35. Rcxc5 Re2 36. a3 Rb1+ 37. Kh2 Re4 38. h5 gxh5 39. Rxh5 Rh4+ 40.
Rxh4 Kxc5 41. Rxh7 d3 42. Rd7 Kc4 43. Kg3 Kc3 44. Kf4 d2 45. Rc7+ Kb3 46. Rb7+
Ka2 47. Rd7 d1=Q 48. Rxd1 Rxd1 49. g4 Rd4+ 50. Kg3 Kxa3 51. Kh4 Kb4 52. Kh5 Kc5
53. g5 Kd6 54. Kg6 Ke7 0-1

[Event "9. Open International Championship of V"]
[Site "Novi Sad - Ribarac 4"]
[Date "2018.07.24"]
[Round "5.12"]
[White "Pecelj, Nedeljko"]
[Black "Kostic, Vladimir G"]
[Result "0-1"]
[WhiteElo "2159"]
[BlackElo "2319"]
[PlyCount "87"]
[EventDate "2018.07.22"]

1. Nf3 d6 2. d4 Bg4 3. g3 Nd7 4. Bg2 e5 5. c4 Ngf6 6. Nc3 Be7 7. h3 Bxf3 8.
Bxf3 c6 9. O-O O-O 10. b3 Re8 11. e3 Bf8 12. dxe5 dxe5 13. Qc2 Nc5 14. Rd1 Qc8
15. Bg2 a5 16. Bb2 Qc7 17. Rab1 Rad8 18. Rxd8 Rxd8 19. Rd1 Rxd1+ 20. Qxd1 Qd7
21. Qxd7 Nfxd7 22. Kf1 Nd3 23. Nd1 f5 24. Ke2 N7c5 25. Kd2 Bd6 26. Ba3 e4 27.
Bf1 Nb4 28. Nc3 Nd7 29. Be2 Kf7 30. Nb1 Ke7 31. Bxb4 Bxb4+ 32. Kd1 Ne5 33. a3
Bd6 34. Kc2 Nd7 35. Kc3 Be5+ 36. Kc2 b6 37. b4 axb4 38. axb4 g5 39. Kd2 Nf6 40.
Bd1 h5 41. Be2 h4 42. gxh4 gxh4 43. f3 Bd6 44. Kc3 {Unreadable..} 0-1

[Event "9. Open International Championship of V"]
[Site "Novi Sad - Ribarac 4"]
[Date "2018.07.24"]
[Round "5.13"]
[White "Rogac, Srdjan"]
[Black "Ilincic, Aleksa"]
[Result "1/2-1/2"]
[WhiteElo "2317"]
[BlackElo "2179"]
[PlyCount "21"]
[EventDate "2018.07.22"]

1. Nf3 g6 2. e4 Bg7 3. d4 d6 4. Nc3 Nc6 5. Be3 e5 6. dxe5 Nxe5 7. Nxe5 Bxe5 8.
Bd4 Nf6 9. Bxe5 dxe5 10. Qxd8+ Kxd8 11. Bc4 1/2-1/2

[Event "9. Open International Championship of V"]
[Site "Novi Sad - Ribarac 4"]
[Date "2018.07.24"]
[Round "5.14"]
[White "Mikheev, Stanislav"]
[Black "Angun, Batu"]
[Result "1-0"]
[WhiteElo "2291"]
[BlackElo "2122"]
[PlyCount "59"]
[EventDate "2018.07.22"]

1. d4 Nf6 2. Bf4 g6 3. Nc3 d5 4. e3 Bg7 5. h4 h5 6. Nf3 c6 7. Bd3 Bg4 8. Qd2
Bxf3 9. gxf3 Nbd7 10. e4 dxe4 11. fxe4 Nf8 12. d5 e6 13. dxc6 bxc6 14. O-O-O
N8d7 15. Bd6 Nb6 16. Ba6 Nfd7 17. f4 Rb8 18. Kb1 Nc5 19. Be2 Nc4 20. Bxc4 Rxb2+
21. Kc1 Qb6 22. e5 Ne4 23. Qd4 Nxc3 24. Qxc3 Rb1+ 25. Kd2 Qf2+ 26. Be2 Qxf4+
27. Qe3 Rxd1+ 28. Rxd1 Qxh4 29. Qxa7 Bh6+ 30. Kc3 1-0

[Event "9. Open International Championship of V"]
[Site "Novi Sad - Ribarac 4"]
[Date "2018.07.24"]
[Round "5.15"]
[White "Otawa, Yuto"]
[Black "Yordanov, Lachezar"]
[Result "0-1"]
[WhiteElo "2140"]
[BlackElo "2290"]
[PlyCount "136"]
[EventDate "2018.07.22"]

1. d4 Nf6 2. c4 e6 3. Nc3 Bb4 4. Qc2 O-O 5. a3 Bxc3+ 6. Qxc3 b5 7. cxb5 c6 8.
Bg5 cxb5 9. e3 Bb7 10. Nf3 a6 11. Be2 Nc6 12. O-O Rc8 13. Qd3 h6 14. Bxf6 Qxf6
15. Nd2 Na5 16. Bf3 Bxf3 17. Nxf3 Qe7 18. Rfc1 Rxc1+ 19. Rxc1 Nc4 20. Qb3 d5
21. Ne1 Rb8 22. Nd3 a5 23. Qc2 Qd6 24. h3 g6 25. Ra1 Kg7 26. Nc5 a4 27. b3 axb3
28. Qxb3 Qd8 29. Qb4 h5 30. Rb1 Rb6 31. Ra1 h4 32. Qe1 Rb8 33. a4 bxa4 34. Nxa4
Qf6 35. Nc5 Qf5 36. Rc1 Rb2 37. e4 Qg5 38. exd5 exd5 39. Nd3 Rd2 40. Ne5 Nxe5
41. Qxe5+ Qxe5 42. dxe5 Re2 43. f4 Re4 44. Rf1 f6 45. Rd1 d4 46. exf6+ Kxf6 47.
g3 hxg3 48. Kg2 Rxf4 49. Kxg3 g5 50. Ra1 Re4 51. Kf3 Kf5 52. Ra5+ Re5 53. Ra4
Re3+ 54. Kf2 Ke4 55. Ra5 Rf3+ 56. Ke1 Kf4 57. Ra4 Ke3 58. Ra8 Rxh3 59. Re8+ Kd3
60. Rg8 Re3+ 61. Kf2 Re5 62. Rd8 Kc3 63. Rd7 d3 64. Rc7+ Kd2 65. Ra7 Rf5+ 66.
Kg3 Ke2 67. Re7+ Kd1 68. Kg4 Rd5 0-1

[Event "9. Open International Championship of V"]
[Site "Novi Sad - Ribarac 4"]
[Date "2018.07.24"]
[Round "5.16"]
[White "Rutesic, Vuk"]
[Black "Zegarac, Vuk"]
[Result "1/2-1/2"]
[WhiteElo "2157"]
[BlackElo "2257"]
[PlyCount "35"]
[EventDate "2018.07.22"]

1. d4 Nf6 2. Bf4 d5 3. e3 c5 4. c3 Qb6 5. Qb3 c4 6. Qc2 g6 7. b3 Bf5 8. Qb2 Bg7
9. Nd2 O-O 10. h3 Rc8 11. Rc1 Nc6 12. g4 Bd7 13. Bg2 h6 14. Ngf3 cxb3 15. axb3
Qb5 16. Qa3 Bf8 17. Ne5 Nxe5 18. Bxe5 1/2-1/2

[Event "9. Open International Championship of V"]
[Site "Novi Sad - Ribarac 4"]
[Date "2018.07.24"]
[Round "5.17"]
[White "Kumic, Filip"]
[Black "Krasteva, Beloslava"]
[Result "1-0"]
[WhiteElo "2230"]
[BlackElo "2086"]
[PlyCount "87"]
[EventDate "2018.07.22"]

1. b3 e5 2. Bb2 Nc6 3. e3 Nf6 4. h3 a6 5. g4 d5 6. Bg2 Be6 7. Nc3 Be7 8. Nce2
h5 9. g5 Ne4 10. h4 Nd6 11. Ng3 Nf5 12. N1e2 Qd7 13. Nxf5 Bxf5 14. Ng3 Bg4 15.
f3 Be6 16. f4 Bg4 17. Bf3 exf4 18. exf4 Qe6+ 19. Kf2 Bc5+ 20. Kg2 O-O 21. Bxg4
Qxg4 22. Qxg4 hxg4 23. Nf5 d4 24. a3 Rfe8 25. Rae1 a5 26. Kg3 Re6 27. Kxg4 Rae8
28. Rxe6 fxe6 29. Ng3 e5 30. Ne4 Bd6 31. f5 Ne7 32. h5 Rf8 33. Rf1 Nd5 34. Bc1
Be7 35. d3 Bxa3 36. Bxa3 Ne3+ 37. Kh4 Nxf1 38. Bxf8 Kxf8 39. h6 gxh6 40. g6 Ne3
41. f6 b5 42. Nc5 Ng2+ 43. Kh5 Nf4+ 44. Kxh6 1-0

[Event "9. Open International Championship of V"]
[Site "Novi Sad - Ribarac 4"]
[Date "2018.07.24"]
[Round "5.18"]
[White "Tugstumur, Yesuntumur"]
[Black "Ninov, Dayan"]
[Result "1/2-1/2"]
[WhiteElo "2116"]
[BlackElo "2229"]
[PlyCount "28"]
[EventDate "2018.07.22"]

1. d4 g6 2. c4 Bg7 3. e4 Nc6 4. Nf3 e5 5. d5 Nd4 6. Nxd4 exd4 7. Bd3 c5 8. O-O
d6 9. f4 Nf6 10. e5 Ng4 11. e6 Qh4 12. h3 Ne3 13. exf7+ Kxf7 14. Bxe3 dxe3
1/2-1/2

[Event "9. Open International Championship of V"]
[Site "Novi Sad - Ribarac 4"]
[Date "2018.07.24"]
[Round "5.19"]
[White "Kovacevic, Sinisa"]
[Black "Manojlovic, Sava"]
[Result "0-1"]
[WhiteElo "2202"]
[BlackElo "2026"]
[PlyCount "71"]
[EventDate "2018.07.22"]

1. d4 Nf6 2. Nf3 d6 3. g3 g6 4. Bg2 Bg7 5. c4 O-O 6. Nc3 Nbd7 7. O-O e5 8. h3
exd4 9. Nxd4 Re8 10. e4 Nc5 11. Re1 c6 12. Nb3 Ne6 13. Be3 Qe7 14. Qd2 Nd7 15.
f4 a5 16. a4 Ndc5 17. Nxc5 dxc5 18. Rad1 Nd4 19. Qf2 Be6 20. Bf1 h5 21. e5 Bf5
22. Bxd4 cxd4 23. Qxd4 Qb4 24. Qf2 Bf8 25. Kh2 Rad8 26. Qe2 Be7 27. g4 hxg4 28.
hxg4 Be6 29. Ne4 Kg7 30. Ng3 Bh4 31. Rxd8 Rxd8 32. Rd1 Bxc4 33. Qf3 Qxb2+ 34.
Kh3 Rxd1 35. Qxd1 Bxg3 36. Kxg3 0-1

[Event "9. Open International Championship of V"]
[Site "Novi Sad - Ribarac 4"]
[Date "2018.07.25"]
[Round "6.2"]
[White "Atalik, Suat"]
[Black "Mitev, Valentin"]
[Result "1-0"]
[WhiteElo "2509"]
[BlackElo "2242"]
[PlyCount "105"]
[EventDate "2018.07.22"]

1. d4 d5 2. c4 dxc4 3. e4 e5 4. Nf3 Bb4+ 5. Nc3 exd4 6. Nxd4 Ne7 7. a3 Bc5 8.
Be3 O-O 9. Nf5 Nxf5 10. Bxc5 Nd6 11. Bxd6 cxd6 12. Bxc4 Be6 13. Bd5 Nc6 14. O-O
Ne7 15. Bxe6 fxe6 16. Qb3 Qd7 17. Rad1 Kh8 18. Rd2 Rad8 19. Rfd1 Nc8 20. Nb5
Qe7 21. Qb4 Qf6 22. f3 d5 23. exd5 exd5 24. Rxd5 Rxd5 25. Rxd5 Qb6+ 26. Kf1 Re8
27. Nc3 Qa6+ 28. Qb5 Qxb5+ 29. Rxb5 Nd6 30. Rd5 Nc4 31. Rd7 Rb8 32. Nd1 h6 33.
Kf2 b5 34. h4 a5 35. Rd4 Rc8 36. Kg3 Rc5 37. b4 Rc6 38. Rd3 Ra6 39. Ne3 axb4
40. axb4 Rg6+ 41. Kf2 Rb6 42. Rd5 Rb8 43. Nxc4 bxc4 44. b5 c3 45. Ke2 Rc8 46.
Kd1 c2+ 47. Kc1 Rc4 48. b6 Rb4 49. Rd6 Kg8 50. Kxc2 Kf7 51. Kc3 Rb1 52. Kc4 Ke7
53. Rg6 1-0

[Event "9. Open International Championship of V"]
[Site "Novi Sad - Ribarac 4"]
[Date "2018.07.25"]
[Round "6.3"]
[White "Nomin-Erdene, Davaademberel"]
[Black "Cabarkapa, Novak"]
[Result "1/2-1/2"]
[WhiteElo "2371"]
[BlackElo "2439"]
[PlyCount "30"]
[EventDate "2018.07.22"]

1. e4 e6 2. d4 d5 3. Nc3 Nf6 4. e5 Nfd7 5. f4 c5 6. Nf3 Nc6 7. Be3 Be7 8. a3
O-O 9. dxc5 Bxc5 10. Bxc5 Nxc5 11. b4 Nd7 12. Bd3 h6 13. O-O a5 14. b5 Ne7 15.
Na4 Nb6 1/2-1/2

[Event "9. Open International Championship of V"]
[Site "Novi Sad - Ribarac 4"]
[Date "2018.07.25"]
[Round "6.4"]
[White "Pastar, Slaven"]
[Black "Hirneise, Jens"]
[Result "1-0"]
[WhiteElo "2262"]
[BlackElo "2379"]
[PlyCount "91"]
[EventDate "2018.07.22"]

1. d4 Nf6 2. c4 g6 3. Nc3 Bg7 4. e4 d6 5. Bd3 O-O 6. Nge2 Nc6 7. O-O Nh5 8. Bc2
e5 9. d5 Ne7 10. a4 f5 11. exf5 gxf5 12. Ng3 Nf4 13. Nh5 Nxh5 14. Qxh5 a6 15.
a5 Bd7 16. Bg5 Qe8 17. Qxe8 Raxe8 18. Ba4 Bxa4 19. Rxa4 Ng6 20. Rb4 e4 21. Rxb7
f4 22. g3 Re5 23. gxf4 Nxf4 24. Bxf4 Rxf4 25. Ne2 Rf7 26. b4 Re8 27. b5 Ra8 28.
Rb1 axb5 29. R1xb5 Bh6 30. Rb8+ Rf8 31. Rxf8+ Kxf8 32. Nd4 e3 33. Kf1 Kf7 34.
Nc6 Re8 35. fxe3 Bxe3 36. Rb7 Ra8 37. Rxc7+ Kg6 38. Rd7 Bc5 39. Rd8 Ra6 40. Ke2
Kh5 41. Kf3 Kh4 42. Rg8 h5 43. Kg2 Be3 44. h3 Bd2 45. Nd4 Bg5 46. Nf5# 1-0

[Event "9. Open International Championship of V"]
[Site "Novi Sad - Ribarac 4"]
[Date "2018.07.25"]
[Round "6.5"]
[White "Drazic, Sinisa"]
[Black "Manojlovic, Sava"]
[Result "1-0"]
[WhiteElo "2421"]
[BlackElo "2026"]
[PlyCount "105"]
[EventDate "2018.07.22"]

1. Nf3 Nf6 2. c4 g6 3. Nc3 d6 4. d4 Bg7 5. Bf4 O-O 6. e3 Nc6 7. h3 Nd7 8. Be2
a6 9. O-O e5 10. Bh2 f5 11. Rb1 Kh8 12. b4 e4 13. Nd2 Nf6 14. a4 Ne7 15. b5 g5
16. Qc2 Ng6 17. bxa6 bxa6 18. Nd5 Be6 19. Nxf6 Bxf6 20. Rb7 Bc8 21. Rb3 Bd7 22.
Rb7 Bc6 23. Rbb1 Qd7 24. a5 Rfb8 25. Rxb8+ Rxb8 26. Rb1 Rxb1+ 27. Qxb1 Qc8 28.
Qb4 Qb7 29. Qxb7 Bxb7 30. g4 f4 31. d5 fxe3 32. fxe3 Bc3 33. Nxe4 Bxa5 34. Nxg5
Bb6 35. Kf2 a5 36. Bd1 Ba6 37. Bb3 a4 38. Ba2 Kg7 39. Bg3 Nf8 40. Ke2 h6 41.
Nf3 Nd7 42. Nh4 Nc5 43. Be1 Nb3 44. Bc3+ Kf7 45. Bxb3 axb3 46. Kd3 Bc5 47. Bb2
Bb4 48. Nf5 Kg6 49. e4 h5 50. Ne7+ Kg5 51. Bc1+ Kh4 52. Nf5+ Kxh3 53. gxh5 1-0

[Event "9. Open International Championship of V"]
[Site "Novi Sad - Ribarac 4"]
[Date "2018.07.25"]
[Round "6.6"]
[White "Danchevski, Orce"]
[Black "Jocev, Milan"]
[Result "1/2-1/2"]
[WhiteElo "2353"]
[BlackElo "2256"]
[PlyCount "53"]
[EventDate "2018.07.22"]

1. d4 d5 2. c4 c6 3. Nf3 Nf6 4. g3 Bf5 5. Bg2 e6 6. O-O Be7 7. Nc3 O-O 8. Qb3
Qb6 9. c5 Qxb3 10. axb3 Nbd7 11. b4 a6 12. Bf4 Ne4 13. Ne1 Nxc3 14. bxc3 Bf6
15. Nf3 Rfe8 16. Nd2 e5 17. Be3 Nf8 18. Ra2 Ne6 19. Nb3 Nc7 20. dxe5 Bxe5 21.
Bd4 Nb5 22. Bxe5 Rxe5 23. Rc1 Rae8 24. Bf1 h5 25. e3 Nc7 26. Nd4 Be4 27. Rd1
1/2-1/2

[Event "9. Open International Championship of V"]
[Site "Novi Sad - Ribarac 4"]
[Date "2018.07.25"]
[Round "6.7"]
[White "Yordanov, Lachezar"]
[Black "Raja, Rithvik R"]
[Result "1/2-1/2"]
[WhiteElo "2290"]
[BlackElo "2343"]
[PlyCount "65"]
[EventDate "2018.07.22"]

1. d4 d5 2. c4 e6 3. Nf3 a6 4. g3 dxc4 5. Bg2 b5 6. a4 Bb7 7. O-O Nf6 8. Nc3 b4
9. Nb1 c5 10. Qc2 Nbd7 11. Nbd2 Rc8 12. Nxc4 cxd4 13. b3 Nb6 14. Rd1 Be4 15.
Qa2 Nxc4 16. bxc4 Bc5 17. e3 O-O 18. exd4 Bxf3 19. Bxf3 Bxd4 20. Be3 e5 21.
Bxd4 exd4 22. Qb2 a5 23. Rxd4 Qc7 24. Rad1 h6 25. Qd2 Rfe8 26. h4 Re5 27. Kg2
Rc5 28. Rc1 Rb8 29. Qd3 h5 30. Rc2 Rc8 31. Rc1 Rb8 32. Rc2 Rc8 33. Rc1 1/2-1/2

[Event "9. Open International Championship of V"]
[Site "Novi Sad - Ribarac 4"]
[Date "2018.07.25"]
[Round "6.8"]
[White "Budisavljevic, Luka"]
[Black "Kumic, Filip"]
[Result "1/2-1/2"]
[WhiteElo "2324"]
[BlackElo "2230"]
[PlyCount "90"]
[EventDate "2018.07.22"]

1. d4 Nf6 2. Nf3 g6 3. Bf4 Bg7 4. e3 d6 5. h3 O-O 6. Be2 c5 7. c3 Qb6 8. Qc1
Nc6 9. Nbd2 cxd4 10. exd4 Nd5 11. Nc4 Qc7 12. Bh2 b5 13. Ne3 Nxe3 14. Qxe3 b4
15. c4 Qb6 16. Rd1 e5 17. dxe5 dxe5 18. Rd6 Nd4 19. Rxb6 Nc2+ 20. Kd2 Nxe3 21.
Rxb4 Rd8+ 22. Kc1 Nxg2 23. Bxe5 Bh6+ 24. Kc2 Bf5+ 25. Kc3 Nf4 26. Bxf4 Bxf4 27.
h4 Bh6 28. a3 Bg7+ 29. Kb3 a5 30. Rb5 Bd7 31. a4 Bxb5 32. axb5 a4+ 33. Ka2 a3
34. b4 Re8 35. Bd3 Bc3 36. Kb3 Bf6 37. Ka2 Bc3 38. Kb3 Bf6 39. Ka2 Red8 40. Be4
Rab8 41. Kxa3 Re8 42. Bd3 Red8 43. Be4 Re8 44. Bd3 Red8 45. Be4 Re8 1/2-1/2

[Event "9. Open International Championship of V"]
[Site "Novi Sad - Ribarac 4"]
[Date "2018.07.25"]
[Round "6.9"]
[White "Kostic, Vladimir G"]
[Black "Toncheva, Nadya"]
[Result "1-0"]
[WhiteElo "2319"]
[BlackElo "1975"]
[PlyCount "129"]
[EventDate "2018.07.22"]

1. e4 c5 2. Nc3 Nc6 3. Bb5 e6 4. Bxc6 bxc6 5. f4 d5 6. e5 Nh6 7. Nf3 Nf5 8. O-O
Be7 9. d3 O-O 10. Kh1 Ba6 11. g4 Nd4 12. Nxd4 cxd4 13. Ne2 c5 14. f5 f6 15.
exf6 Rxf6 16. Bg5 Rf8 17. Bxe7 Qxe7 18. Nf4 exf5 19. g5 Rae8 20. Qh5 Bb7 21.
Rf3 g6 22. Qh6 Qg7 23. Qxg7+ Kxg7 24. Kg1 Re5 25. h4 Rfe8 26. Kf2 Re3 27. Rg1
c4 28. h5 Ba6 29. hxg6 hxg6 30. Rd1 c3 31. b3 Bb5 32. Rh1 Rxf3+ 33. Kxf3 Re7
34. Kf2 Re5 35. Re1 Rxe1 36. Kxe1 Bc6 37. Kf2 Kf7 38. Kg3 a5 39. a4 Bb7 40. Ne2
Ke6 41. Kf3 Kd6 42. Nxd4 Bc8 43. Ne2 Bd7 44. d4 Bc8 45. Nxc3 Ke6 46. Ke3 Ba6
47. Nd1 Kd6 48. c3 Bc8 49. b4 Bd7 50. Nb2 Kc6 51. b5+ Kb6 52. c4 dxc4 53. Nxc4+
Kc7 54. d5 Be8 55. Nxa5 Bf7 56. Kd4 f4 57. Nc4 f3 58. d6+ Kd8 59. Nd2 f2 60. b6
Kc8 61. a5 Be6 62. a6 Bh3 63. b7+ Kb8 64. Kc5 Bg2 65. d7 1-0

[Event "9. Open International Championship of V"]
[Site "Novi Sad - Ribarac 4"]
[Date "2018.07.25"]
[Round "6.10"]
[White "Pratyusha, Bodda"]
[Black "Mikheev, Stanislav"]
[Result "1/2-1/2"]
[WhiteElo "2244"]
[BlackElo "2291"]
[PlyCount "76"]
[EventDate "2018.07.22"]

1. d4 Nf6 2. c4 c6 3. Nc3 d5 4. e3 e6 5. Nf3 a6 6. Qc2 c5 7. cxd5 exd5 8. dxc5
Bxc5 9. Be2 Nc6 10. a3 O-O 11. h3 d4 12. exd4 Nxd4 13. Nxd4 Bxd4 14. O-O Qc7
15. Bf3 Be6 16. Bg5 h6 17. Bxf6 Bxf6 18. Qe4 Bxc3 19. bxc3 Rab8 20. Rac1 Rfd8
21. Rfd1 Rxd1+ 22. Bxd1 Qc5 23. a4 Qg5 24. Qe3 Qxe3 25. fxe3 Kf8 26. Bf3 Ke7
27. a5 Kd6 28. Rb1 Kc5 29. Rb6 Bd5 30. e4 Bc6 31. e5 Bxf3 32. gxf3 Kd5 33. f4
Ke4 34. Rb4+ Kf5 35. Kf2 g5 36. Ke3 Rc8 37. fxg5 hxg5 38. Rxb7 Kxe5 1/2-1/2

[Event "9. Open International Championship of V"]
[Site "Novi Sad - Ribarac 4"]
[Date "2018.07.25"]
[Round "6.11"]
[White "Tosic, Miroslav"]
[Black "Banovic, Ivan"]
[Result "0-1"]
[WhiteElo "2388"]
[BlackElo "2224"]
[PlyCount "114"]
[EventDate "2018.07.22"]

1. d4 Nf6 2. Bf4 g6 3. e3 Bg7 4. Nf3 O-O 5. Nbd2 d6 6. h3 Nbd7 7. c3 Qe8 8. Nc4
Nb6 9. Bh2 Nfd7 10. a4 Nxc4 11. Bxc4 Nb6 12. Bb3 a5 13. e4 e5 14. O-O Qe7 15.
Re1 Bd7 16. Qd2 h6 17. Bg3 Kh7 18. Bc2 Rfd8 19. b3 Be8 20. Rad1 Nd7 21. b4 Nb6
22. b5 c6 23. bxc6 Bxc6 24. Rb1 Qc7 25. Ra1 Be8 26. Bb3 Rac8 27. Qa2 Qe7 28.
Rac1 Rd7 29. c4 Rdc7 30. c5 dxc5 31. Nxe5 cxd4 32. Rxc7 Rxc7 33. Nc4 Rc6 34. e5
Qb4 35. Nd2 Qe7 36. Nf3 d3 37. Qd2 Qb4 38. Qa2 Nc4 39. Rd1 Qc3 40. e6 fxe6 41.
Bf4 e5 42. Rc1 Qb2 43. Rxc4 Qxa2 44. Bxa2 Rxc4 45. Bxc4 exf4 46. Bxd3 Bxa4 47.
h4 Be8 48. h5 Bf6 49. Nd2 Kg7 50. Nc4 a4 51. Nd6 Bd7 52. Nxb7 a3 53. Bc4 g5 54.
Nc5 Bg4 55. Ne6+ Kh8 56. Nc7 Bxh5 57. Nb5 Bb2 0-1

[Event "9. Open International Championship of V"]
[Site "Novi Sad - Ribarac 4"]
[Date "2018.07.25"]
[Round "6.12"]
[White "Ilincic, Aleksa"]
[Black "Li, Hong"]
[Result "0-1"]
[WhiteElo "2179"]
[BlackElo "2365"]
[PlyCount "72"]
[EventDate "2018.07.22"]

1. e4 c5 2. c3 e5 3. Nf3 Nc6 4. Bc4 Be7 5. d3 Nf6 6. Bg5 O-O 7. Nbd2 Rb8 8. Bb3
b5 9. Bxf6 Bxf6 10. O-O d6 11. Re1 Be6 12. Nf1 a5 13. Ne3 a4 14. Bd5 Ne7 15.
Bxe6 fxe6 16. d4 exd4 17. cxd4 Ng6 18. Nf1 Qb6 19. e5 dxe5 20. dxe5 Be7 21. Ng3
Rf4 22. Re4 Rf7 23. Nh5 Rd8 24. Qe2 c4 25. a3 Bc5 26. Rf1 Rf5 27. g4 Rff8 28.
g5 Rd3 29. Nh4 Rd4 30. Nxg6 hxg6 31. Ng3 Qd8 32. Qg4 Qd5 33. Kg2 Rxe4 34. Qxe4
Bd4 35. Kh3 Qxe4 36. Nxe4 Bxb2 0-1